000
00303nam a22001217a 4500
003
OSt
008
250116b |||||||| |||| 00| 0 eng d
041
_a
eng
100
_a
Linsley, RK
_9
6948
245
_a
Hydrology for Engineers
260
_a
New York:
_b
McGraw Hill International Book,
_c
1984.
942
_c
BK
999
_c
19037
_d
19037